Filmographie Margot Robbie - Statistiques

Statistiques générales
  • Ce quiz a été pris 91 fois
  • Le résultat moyen est 7 sur 27
Statistiques - réponses
Année de sortie Film % Correct
2023 Barbie
98%
2013 Le Loup de Wall Street
77%
2016 Suicide Squad
71%
2022 Babylon
67%
2019 Once Upon a Time... in Hollywood
55%
2020 Birds of Prey
54%
2021 The Suicide Squad
46%
2015 Diversion
39%
2017 Moi, Tonya
33%
2022 Amsterdam
22%
2019 Scandale
20%
2016 Tarzan
20%
2015 The Big Short : Le Casse du siècle
18%
2023 Asteroid City
13%
2013 Il était temps
11%
2018 Marie Stuart, reine d’Écosse
11%
2018 Terminal
11%
2019 Dreamland
9%
2018 Pierre Lapin
7%
2015 Suite française
7%
2017 Goodbye Christopher Robin
6%
2008 Vigilante
6%
2016 Whiskey Tango Foxtrot
6%
2009 I.C.U.
5%
2015 Les Survivants
5%
2018 Massacre au pensionnat
5%
2021 Pierre Lapin 2 : Panique en ville
2%
Aucun quiz correspondant
Distribution des résultats
% des personnes avec chaque résultat
Percentile par nombre de réponses
Votre historique - résultats
Vous n’avez pas pris ce quiz